Préfectures françaises par image satellite - Statistiques

Statistiques générales
  • Ce quiz a été pris 33 fois
  • Le résultat moyen est 23 sur 101
Statistiques - réponses
Par images Réponse % Correct
Paris
79%
Bordeaux
71%
Nantes
71%
Toulouse
71%
Marseille
67%
Nice
63%
Versailles
58%
Bastia
54%
Lyon
54%
Ajaccio
50%
Saint-Denis
50%
Toulon
50%
Rouen
42%
Tours
42%
Basse-Terre
38%
Blois
38%
Carcassonne
38%
Montpellier
38%
Nîmes
38%
Valence
38%
La Rochelle
33%
Le-Puy-en-Velay
33%
Lille
33%
Besançon
29%
Cahors
29%
Créteil
29%
Laon
29%
Orléans
29%
Digne-les-Bains
25%
Fort-de-France
25%
Grenoble
25%
Mamoudzou
25%
Privas
25%
Saint-Etienne
25%
Avignon
21%
Cayenne
21%
Chartres
21%
Clermont-Ferrand
21%
Epinal
21%
Gap
21%
Limoges
21%
Mâcon
21%
Perpignan
21%
Poitiers
21%
Strasbourg
21%
Agen
17%
Amiens
17%
Angers
17%
Annecy
17%
Aurillac
17%
Bobigny
17%
Caen
17%
Charleville-Mézières
17%
Dijon
17%
Evry-Courconnes
17%
Foix
17%
Metz
17%
Montauban
17%
Nancy
17%
Nevers
17%
Rennes
17%
Troyes
17%
Angoulême
13%
Auch
13%
Auxerre
13%
Bar-le-Duc
13%
Belfort
13%
Chalons-en-Champagne
13%
Châteauroux
13%
Le Mans
13%
Melun
13%
Moulins
13%
Nanterre
13%
Pau
13%
Rodez
13%
Saint-Brieuc
13%
Tulle
13%
Vesoul
13%
Albi
8%
Arras
8%
Beauvais
8%
Bourg-en-Bresse
8%
Bourges
8%
Cergy-Pontoise
8%
Chambéry
8%
Colmar
8%
Guéret
8%
Mende
8%
Périgueux
8%
Quimper
8%
Vannes
8%
Alençon
4%
Chaumont
4%
Evreux
4%
La-Roche-sur-Yon
4%
Laval
4%
Lons-le-Saunier
4%
Mont-de-Marsan
4%
Niort
4%
Saint-Lô
4%
Tarbes
4%
Aucun quiz correspondant
Distribution des résultats
% des personnes avec chaque résultat
Percentile par nombre de réponses
Votre historique - résultats
Vous n’avez pas pris ce quiz